Motivace lidského chování - vývoj a přehled základních pojetí

Multidisciplinárny pohľad na motiváciu. Metodologické problémy a otázky spojené so štúdiom motivácie. Filozofické, fyziologické a biologické prístupy. Behavioaralizmus a behavioristické prístupy k motivácii.

Salvato in:
Dettagli Bibliografici
Autore principale: Chýlová, Hana
Altri autori: Rymešová, Pavla, Kolman, Luděk
Natura: Capitolo di libro
Lingua:ceco
Soggetti:
Tags: Aggiungi Tag
Nessun Tag, puoi essere il primo ad aggiungerne!!

MARC

LEADER 00000naa a2200000 4500
001 0165194
005 20231211074002.5
041 0 |a cze 
044 |a CZ 
245 1 0 |a Motivace lidského chování - vývoj a přehled základních pojetí  |c Hana Chýlová, Pavla Rymešová, Luděk Kolman 
520 |a Multidisciplinárny pohľad na motiváciu. Metodologické problémy a otázky spojené so štúdiom motivácie. Filozofické, fyziologické a biologické prístupy. Behavioaralizmus a behavioristické prístupy k motivácii. 
610 2 0 |a motivácia 
610 2 0 |a psychológia 
610 2 0 |a sociológia 
610 2 0 |a správanie sociálne 
610 2 0 |a teórie sociologické 
100 1 |a Chýlová, Hana 
700 1 |a Rymešová, Pavla 
700 1 |a Kolman, Luděk